000 01045nam a2200253 a 4500
001 000027688
005 20250607073643.0
008 110404s1998 dr ac 000 0 spa d
040 _aDO-SdBNP
_bspa
_cBNPHU
082 _axxx
_bR426s
110 1 _aRepública Dominicana.
_b Secretaria de Estado de Salud Pública y Asistencia Social (2001)
_956549
245 1 0 _aSalud sexual y reproductiva. Cómo promocionar la salud /
_cAngela de León Navarro...[et. al]
_bcomó promocionar la salud.
260 _aSanto Domingo :
_bConsejo Nacional de Población y Familia -CONAPOFA-,
_bEl nuevo Diario,
_c1998.
300 _a100 p. :
_bil., retrs. ;
_c21 cm.
490 1 _aCuadernnos de población y familia
_vno. 2
700 1 _aBonelly, Dania
_eed.
_954767
700 1 _aLeón Navarro, Angela de
_92427
700 1 _aTerrero, Ángel
_954768
700 1 _aOrlando Jiménez, Ramón
_954769
700 1 _aRodríguez, Bienvenida
_949888
700 1 _aBergés, Virginia
_954770
830 0 _aCuadernos de población y familia ;
_vno. 2
_954771
049 _aBNPD
999 _c27180
_d27180